|
|
|
|
| LEADER |
00000nam a2200000 a 4500 |
| 001 |
vtls001261648 |
| 003 |
SK-MaSNL |
| 005 |
20260301234518.0 |
| 008 |
240315s1912 FR 0 fre |
| 035 |
|
|
|a SNK000212518
|
| 040 |
|
|
|a SNK
|b slo
|c SNK
|e AACR2
|
| 041 |
0 |
|
|a fre
|
| 044 |
|
|
|a FR
|
| 100 |
1 |
|
|a Bellay, Joachim du
|4 aut
|9 285579
|
| 245 |
0 |
|
|a Divera Jeux Rustiques et autres oeuvres poétiques
|b Publiés sur l' édition originale de 1558 et augmentés des Lettres de l'auteur
|c Joachim du Bellay
|
| 260 |
|
|
|a Paris
|b Bibliothéque internationale d'édition E. Sansot
|c 1912
|
| 300 |
|
|
|a 288 s.
|c 8°
|
| 490 |
0 |
|
|a La plejade française
|
| 958 |
|
|
|a ONDV
|
| 958 |
|
|
|a RK
|
| 999 |
|
|
|c 970330
|d 972260
|
| 952 |
|
|
|t P60, <04>, [BOOK], {604}
|a SNK
|b SNK
|y VYP
|7 0
|o snkID 69469
|i snkF 5246/78
|0 0
|1 0
|4 0
|d 1996-09-17
|l 0
|r 2005-01-01 00:00:00
|w 2026-02-24
|